000
00243nam a2200097Ia 4500
001
1206832
005
20250827022813.0
008
250824s9999 xx 000 0 und d
245
0
_a
VURUN KAHPEYE
_c
HALİDE EDİB ADIVAR
260
_b
CAN YAYINLARI
999
_c
1206832
_d
1206832